000 00463nam a2200193Ia 4500
008 210210b2016 xxu||||| |||| 00| 0 eng d
041 _aeng
082 _a398K SUNT
100 _aSUNDARA KENAJE
245 _aTulu janapada sahithya shikshana
260 _aMangaluru
_bKarnataka Tulu Sahitya Academy
_c2016
300 _a88
650 _aTulu
650 _ashikshana
650 _asahithya
650 _ajanapada
690 _aFolklore
906 _a071486
999 _c121260
_d121260